HERE comes Droopy [

Bibliographic Details
Format: Book
Published: s.l. : Turner Entertainment , 1990
Subjects:

MARC

LEADER 00000cam a2200000 7i4500
001 0000000329
002 000000404
005 20000330.0
020 |a 000000404 
090 0 0 |a JF   |b HER 
245 0 0 |a HERE comes Droopy [  |h videorecording] 
260 |a s.l. :   |b Turner Entertainment ,   |c 1990 
300 |a 1 videocassette VHS (40:00 min) :   |b Col.(PAL) 
650 0 0 |a Humourous fiction   |x cartoons and caricatures 
999 |a PV0058   |b VIDEO   |c JUNIOR REFERENCE   |e PERPUSTAKAAN KOMUNITI PETALING JAYA